[Event "Perth op"]
[Site "Perth"]
[Date "2023.01.06"]
[Round "7"]
[White "De Rooy, Samuel"]
[Black "Allison, Brian C"]
[Result "0-1"]
[WhiteElo "1317"]
[BlackElo "1624"]
[PlyCount "56"]
[EventDate "2023.01.02"]
[EventType "swiss"]
[EventRounds "11"]
[EventCountry "AUS"]
[SourceTitle "CBM 212 Extra"]
[Source "ChessBase"]
[SourceDate "2023.03.31"]
[SourceVersion "1"]
[SourceVersionDate "2023.03.31"]
[SourceQuality "1"]

1. d4 f5 2. c4 Nf6 3. Nc3 e6 4. g3 c6 5. Bg2 Be7 6. Nf3 0-0 7. e3 d6 8. Bd2 Ne4 9. Qc2 Nxd2 10. Qxd2 Nd7 11. 0-0-0 e5 12. dxe5 dxe5 13. e4 Qc7 14. Qc2 Nc5 15. Qe2 fxe4 16. Nxe4 Nxe4 17. Qxe4 Bf5 18. Qe3 Rae8 19. Rhe1 Qa5 20. Qb3 e4 21. Nd2 Bg5 22. a3 Qc5 23. f4 exf3 24. Bxf3 Rxe1 25. Rxe1 Qf2 26. Rd1 Rd8 27. Qc3 Rd3 28. Qe5 Bxd2+ 0-1